Натурное и компьютерное моделирование в дизайне; Современные техника и технологии; Т. 3

Dettagli Bibliografici
Parent link:Современные техника и технологии: сборник трудов XVII международной научно-практической конференции студентов, аспирантов и молодых ученых, Томск, 18-22 апреля 2011 г/ Национальный исследовательский Томский политехнический университет (ТПУ).— , 2011
Т. 3.— 2011.— [С. 300-301]
Autore principale: Вершинина К. Ю.
Altri autori: Соколов А. П. (научный руководитель), Серяков В. А. Вадим Александрович
Riassunto:Заглавие с титульного экрана
Lingua:russo
Pubblicazione: 2011
Serie:Дизайн и технология художественной обработки материалов
Soggetti:
Accesso online:http://www.lib.tpu.ru/fulltext/c/2011/C01/V03/144.pdf
Natura: MixedMaterials Elettronico Capitolo di libro
KOHA link:https://koha.lib.tpu.ru/cgi-bin/koha/opac-detail.pl?biblionumber=235298

MARC

LEADER 00000naa2a2200000 4500
001 235298
005 20260316142035.0
035 |a (RuTPU)RU\TPU\book\256431 
035 |a RU\TPU\book\256428 
090 |a 235298 
100 |a 20130408d2011 k y0rusy50 ca 
101 0 |a rus 
102 |a RU 
135 |a drnn ---uucaa 
181 0 |a i  
182 0 |a b 
200 1 |a Натурное и компьютерное моделирование в дизайне  |f К. Ю. Вершинина, А. П. Соколов 
203 |a Текст  |c электронный 
225 1 |a Дизайн и технология художественной обработки материалов 
300 |a Заглавие с титульного экрана 
320 |a [Библиогр.: с. 301 (8 назв.)] 
337 |a Adobe Reader 
461 1 |0 (RuTPU)RU\TPU\book\255301  |t Современные техника и технологии  |o сборник трудов XVII международной научно-практической конференции студентов, аспирантов и молодых ученых, Томск, 18-22 апреля 2011 г  |o в 3 т.  |f Национальный исследовательский Томский политехнический университет (ТПУ)  |d 2011 
463 1 |0 (RuTPU)RU\TPU\book\255308  |t Т. 3  |v [С. 300-301]  |d 2011 
610 1 |a труды учёных ТПУ 
610 1 |a электронный ресурс 
610 1 |a натурное моделирование 
610 1 |a компьютерное моделирование 
610 1 |a дизайн 
700 1 |a Вершинина  |b К. Ю. 
701 1 |a Соколов  |b А. П. 
702 1 |a Серяков  |b В. А.  |c специалист в области машиностроения  |c доцент Томского политехнического университета, кандидат технических наук  |f 1985-  |g Вадим Александрович  |3 (RuTPU)RU\TPU\pers\30651  |4 727  |9 14932 
801 2 |a RU  |b 63413507  |c 20130416  |g RCR 
856 4 |u http://www.lib.tpu.ru/fulltext/c/2011/C01/V03/144.pdf 
942 |c CF